Жаворонок (Запис номер 369516)
[ съкратено ]
| 000 -Лидер | |
|---|---|
| Контролно поле с фиксирана дължина | 01037ncm a2200313 a 4500 |
| 003 - Код на организацията, давaща контролен номер | |
| Контролно поле | BLK |
| 005 - Дата и час на последна редакция | |
| Контролно поле | 20240824005347.0 |
| 008 - Елементи от данни с фиксирана дължина | |
| fixed length control field | 180414b bul |a|er|||| |0| c|bulo| |
| 040 ## - Източник на каталожния запис | |
| Идентификатор на билиотеката - собственик на записа | BLK |
| 041 ## - Код за език | |
| Код за езика на текст/звукозапис или на отделно заглавие | Руски |
| Код за езика КДБФ | Руски |
| 080 ## - УДК | |
| Текстов определител УДК | Музика за пиано |
| УДК код - определител по УДК | 786.2 |
| УДК - код + определител | 786.2 |
| 100 ## - Редна дума - Автор | |
| Автор | Глинка, Михаил Иванович |
| R(LIN) | 367626 |
| 139 ## - Редно поле | |
| Редна дума | Глинка, Михаил Иванович |
| Авторски знак | Гли - Г 55 |
| 245 10 - Сведения за заглавието | |
| Заглавие | Жаворонок |
| Редно поле (дума) | Михаил Иванович Глинка; обраб. Милий Алексеевич Балакирев. |
| 254 ## - Сведения за формата на нотното издание | |
| Формат на описваните ноти | Клавир |
| 257 ## - Страна на издаване | |
| Страна на създаване/издаване | Русия |
| 260 ## - Област на издателските данни | |
| Име на издателя, разпространителя и проч. | Музыка |
| Година на издаване | 1987 |
| Място на издаване, разпространение и проч. | Москва |
| 300 ## - Физическа характеристика | |
| Страници | 7 с. |
| Размери/Мащаб | 29 см |
| 380 ## - Жанр | |
| Жанр | Изкуство |
| 650 #4 - Допълнително описание по предмет – тема | |
| Основно описание – тема или топоним | Пиано - пиеси |
| 9 (RLIN) | 291568 |
| 653 ## - Ключова дума – ненормативна | |
| Ключова дума | пиеси за пиано |
| 700 1# - Други автори (авторска отговорност) | |
| Лично име | Балакирев, Милий Алексеевич |
| Автороска отговорност (Описва отношението между автора и произведението) | обраб. |
| 9 (RLIN) | 35873 |
| 852 ## - Местоположение | |
| Форматна сигнатура | Цб М ІІ 10366 |
| 856 4# - Електронен адрес и достъп | |
| Електронен формат | pdf - файл |
| Път до файла /url/ | |
| 856 4# - Електронен адрес и достъп | |
| Електронен формат | pdf - файл |
| Път до файла /url/ | |
| 999 ## - СИСТЕМНИ КОНТРОЛНИ НОМЕРА | |
| Koha biblionumber | 369516 |
| Koha biblioitemnumber | 369516 |
| 942 ## - АРТИКУЛИ | |
| Вид на библиотечния материал | Нотни издания |
| Скрит в OPAC | Не |
| Периодичен библиозапис | Да |
| 944 ## - СЪЗДАВАНЕ И РЕДАКЦИЯ на ЗАПИСА | |
| Създаване/Редакция | Създаване |
| Дата на регистрацията/редакция | 2020-06-18 |
| Служител, извършил регистрацията/редакцията | |
| Статус, дата на статуса | CRON CRON |
| 999 ## - СИСТЕМНИ КОНТРОЛНИ НОМЕРА | |
| Koha biblioitemnumber | 369516 |
| Код за отписване | Код за изгубен артикул | Източник на класификационната схема | Код за повреда | Коз за рестрикции | Код за отдаване | Артикулен № | Име на библиотеката - собственик | Име на библиотеката, в която се намира в момента | Статус (Текущо местоположение) | Дата на вписване в системата | Местоположение - отдел | Цена в лева | Инвентарен номер | Систематично азбучна сигнатура | Баркод | Цена в евро | Служебен тип на артикула |
|---|---|---|---|---|---|---|---|---|---|---|---|---|---|---|---|---|---|
| Не е изгубен | Universal Decimal Classification | Не е повреден | само за читалня | ползва се в читалня | 781692 | Регионална библиотека "Любен Каравелов" Русе | Регионална библиотека "Любен Каравелов" Русе | Хранилище | 2020-07-06 | Основен фонд - ползва се само за читалня | 0.12 | 474966 | Цб М ІІ 10366 | 900000019264 | 0.06 | Нотни издания |